Perintah-perintah Am dan Arahan Pentadbiran : (hingga 1hb April 2002)

Bibliographic Details
Corporate Author: MALAYSIA
Format: Book
Published: Petaling Jaya, Selangor : International Law Book Services , 2002
Series:Undang-Undang Malaysia
Subjects:

MARC

LEADER 00000cam a2200000 7i4500
001 0000001957
005 20040519.0
020 0 0 |a 9678912422 
090 0 0 |a 354.595001   |b MAL 2002 
110 1 0 |a MALAYSIA 
245 1 0 |a Perintah-perintah Am dan Arahan Pentadbiran :   |b (hingga 1hb April 2002)   |c disusun oleh Lembaga Penyelidikan Undang-Undang 
260 0 0 |a Petaling Jaya, Selangor :   |b International Law Book Services ,   |c 2002 
300 |a 722 p. ;   |c 25 cm. 
440 0 0 |a Undang-Undang Malaysia 
650 0 0 |a Administrative agencies   |z Malaysia   |x Rules and practice 
650 0 0 |a Administrative procedures   |z Malaysia 
650 0 0 |a Civil service ethics   |z Malaysia 
998 |a JPSM 
999 |a 0000003262   |b Monograph   |c Open Shelf   |e Default branch 
999 |a 0000003263   |b Monograph   |c Reference   |e Default branch 
999 |a 0000003264   |b Monograph   |c Open Shelf   |e Default branch 
999 |a 0000003265   |b Monograph   |c Open Shelf   |e Default branch 
999 |a 0000003266   |b Monograph   |c Open Shelf   |e Default branch